|
|
|
|
| LEADER |
02147nam a2200553 a 4500 |
| 001 |
nkc20142625058 |
| 003 |
CZ PrNK |
| 005 |
20141021084718.0 |
| 007 |
ta |
| 008 |
140917s2014 xr abe f 000 0 cze |
| 015 |
|
|
|a cnb002625058
|
| 020 |
|
|
|a 978-80-7385-147-7
|q (brož.)
|
| 035 |
|
|
|a (OCoLC)894845985
|
| 040 |
|
|
|a OLA001
|b cze
|d ABA001
|
| 043 |
|
|
|a e-xr---
|
| 072 |
|
7 |
|a 628
|x Sanitární technika. Vodárenství. Odpadové hospodářství. Světelná technika
|2 Konspekt
|9 19
|
| 080 |
|
|
|a 628.1
|2 MRF
|
| 080 |
|
|
|a 628.2
|2 MRF
|
| 080 |
|
|
|a 005.934
|2 MRF
|
| 080 |
|
|
|a (437.3)
|2 MRF
|
| 080 |
|
|
|a (048.8)
|2 MRF
|
| 100 |
1 |
|
|a Kročová, Šárka,
|d 1961-
|7 xx0027926
|4 aut
|
| 245 |
1 |
0 |
|a Rizika provozování vodárenských a kanalizačních systémů /
|c Šárka Kročová
|
| 250 |
|
|
|a 1. vyd.
|
| 260 |
|
|
|a V Ostravě :
|b Sdružení požárního a bezpečnostního inženýrství,
|c 2014
|
| 300 |
|
|
|a 101 s. :
|b il. (převážně barev.), mapy, plány ;
|c 21 cm
|
| 490 |
1 |
|
|a SPBI Spektrum
|
| 500 |
|
|
|a Terminologické slovníky
|
| 504 |
|
|
|a Obsahuje bibliografii
|
| 650 |
0 |
7 |
|a vodovody
|7 ph127173
|2 czenas
|
| 650 |
0 |
7 |
|a kanalizace
|7 ph114860
|2 czenas
|
| 650 |
0 |
7 |
|a bezpečnostní management
|7 ph170456
|2 czenas
|
| 650 |
0 |
7 |
|a vodovody
|7 ph127173
|z Česko
|2 czenas
|
| 650 |
0 |
7 |
|a kanalizace
|7 ph114860
|z Česko
|2 czenas
|
| 650 |
0 |
9 |
|a water supply systems
|2 eczenas
|
| 650 |
0 |
9 |
|a sewerage
|2 eczenas
|
| 650 |
0 |
9 |
|a safety management
|2 eczenas
|
| 650 |
0 |
9 |
|a water supply systems
|z Czechia
|2 eczenas
|
| 650 |
0 |
9 |
|a sewerage
|z Czechia
|2 eczenas
|
| 655 |
|
7 |
|a monografie
|7 fd132842
|2 czenas
|
| 655 |
|
9 |
|a monographs
|2 eczenas
|
| 830 |
|
0 |
|a Spektrum (Sdružení požárního a bezpečnostního inženýrství)
|0 s
|
| 910 |
2 |
|
|a BOA001
|b 2-1331.985
|
| 990 |
|
|
|a BK
|
| 995 |
|
|
|a 01
|
| 991 |
|
|
|b 201410
|c NOV
|e n
|
| 996 |
6 |
|
|b 2610604782
|c 2-1331.985
|l MZK
|r Sklad / do 1 hodiny
|n 0
|p p.v.
|w 001456265
|u 000010
|a 1
|e BOA001
|j MZK50
|s P
|
| 996 |
7 |
|
|b 2610607427
|c 2-1331.985
|l MZK
|r Sklad / do 1 hodiny
|n 0
|p kup
|w 001456265
|u 000020
|a 1
|e BOA001
|j MZK50
|s A
|
| 996 |
7 |
|
|b 2610607428
|c 2-1331.985
|l MZK
|r Sklad / do 1 hodiny
|n 11
|p kup
|w 001456265
|u 000030
|a 1
|e BOA001
|j MZK50
|s A
|